2023-24 NCAA FOOTBALL QB QUIZ - Statistics

General Stats
  • This quiz has been taken 108 times
    75 since last reset
  • The average score is 19 of 24
Answer Stats
Hint Answer % Correct
Michigan J.J. McCarthy
96%
Texas Quinn Ewers
94%
Colorado Shedeur Sanders
94%
USC Caleb Williams
93%
Washington Michael Penix Jr.
91%
LSU Jayden Daniels
90%
Alabama Jalen Milroe
88%
Oregon Bo Nix
87%
North Carolina Drake Maye
87%
Georgia Carson Beck
85%
Ole Miss Jaxson Dart
84%
Penn State Drew Allar
82%
Clemson Cade Klubnik
76%
Tennessee Joe Milton III
76%
Florida State Jordan Travis
76%
Ohio State Kyle McCord
76%
Oklahoma Dillon Gabriel
75%
Maryland Taulia Tagovailoa
73%
Notre Dame Sam Hartman
69%
South Carolina Spencer Rattler
66%
Washington State Cameron Ward
63%
Oregon State DJ Uiagalelei
55%
Florida Graham Mertz
51%
Louisville Jack Plummer
40%
No matching quizzes found
Score Distribution
Percent of People with Each Score
Percentile by Number Answered
Your Score History
You have not taken this quiz since the last reset